• 首页
  • 本馆介绍
  • 公告通知
  • 最新文献
  • 馆藏检索
  • 电子资源
  • 读者导购
  • 参考咨询
  • 我的图书馆
  • 登录
  • 详细信息显示
  • 放入我的书架
  • 预约/预借图书
  • 作者相关作品
  • 分类相关作品
  • 丛书相关作品
  • 出版社相关作品

书目信息

  • 表格格式
  • 工作单格式
  • 卡片格式
题名:
生物信息学
    
 
作者: 伦盖威尔 , Lengauer 主编 ;郑衍 , 王非 译
分册:  
出版信息: 北京   化学工业出版社  2006
页数: 430页
开本: 24cm
丛书名: 国外药学专著译丛
单 册:
中图分类: Q811.4
科图分类:
主题词: 生物信息论
电子资源:
ISBN: 7-5025-8479-X
000 01197oam2 2200313 450
001 012007351077
005 20070523093008.10
010    @a7-5025-8479-X@dCNY68.00
100    @a20070515d2006 km y0chiy0120 ea
101 1  @achi@cger
102    @aCN@b110000
105    @aa z 000yy
106    @ar
200 1  @a生物信息学@Asheng wu xin xi xue@e从基因组到药物@f(德)T.伦盖威尔(Thomas Lengauer)主编@F(de)T.lun gai wei er(Thomas Lengauer)zhu bian@g郑衍,王非译@Gzheng yan,wang fei yi
210    @a北京@c化学工业出版社@d2006
215    @a430页@c图@d24cm
225 2  @a国外药学专著译丛
330    @a本书分为两篇,第1篇为生物信息学的基础知识,对生物信息学研究各环节应用的方法、软件和数据资源进行了说明;第2篇论述了生物信息学在新药研究与开发中的应用。
461  0 @12001 @a国外药学专著译丛
510 1  @aBioinformatics@efrom genomes to drugs@zeng
517 1  @a从基因组到药物@Acong ji yin zu dao yao wu
606 0  @a生物信息论
690    @aQ811.4@v4
701  1 @c(德)@a伦盖威尔@Alun gai wei er@bT.@4主编
701  1 @c(德)@aLengauer@bThomas@4主编
702  0 @a郑衍@Azheng yan@4译
702  0 @a王非@Awang fei@c(药物生物学)@4译
801  0 @aCN@bRULIN@c20070523
905    @dQ811.4@e105@s8
    
    生物信息学:从基因组到药物/(德)T.伦盖威尔(Thomas Lengauer)主编/郑衍,王非译.-北京:化学工业出版社,2006
    430页:图;24cm.-(国外药学专著译丛)
    
    
    ISBN 7-5025-8479-X:CNY68.00
    本书分为两篇,第1篇为生物信息学的基础知识,对生物信息学研究各环节应用的方法、软件和数据资源进行了说明;第2篇论述了生物信息学在新药研究与开发中的应用。
●
相关链接 在E读中查询图书 在五车中查询图书 在当当中查询图书 在豆瓣中查询图书


正题名:生物信息学     索取号:Q811.4/105         预约/预借

序号 登录号 条形码 馆藏地/架位号 状态 备注
1 0576738   205767384   第二样本阅览室/ [索取号:Q811.4/105] 在馆    
2 0576739   205767393   第三借阅区/ [索取号:Q811.4/105] 在馆    
3 0576740   205767400   第三借阅区/ [索取号:Q811.4/105] 在馆    
4 0576741   205767419   密集书库/ [索取号:Q811.4/105] 在馆    
5 0576742   205767428   密集书库/ [索取号:Q811.4/105] 在馆    
6 0576743   205767437   密集书库/ [索取号:Q811.4/105] 在馆    
7 0576744   205767446   第三借阅区/ [索取号:Q811.4/105] 在馆    
8 0576745   205767455   密集书库/ [索取号:Q811.4/105] 在馆    
唐山师范学院图书馆 欢迎您!
大连网信软件有限公司© 版权所有